El Poder i l' Espai : l' Escena del Príncep [catàleg de l' exposició] l' Escena del Príncep [catàleg de l' exposició]
Descripción Física:
275 p. : il., negre i col. ; 24 cm
Materias:
Renaixement
MARC
| LEADER | 00000nam a2200000Ia 4500 | ||
|---|---|---|---|
| 001 | 1601 | ||
| 008 | 160829s9999 xx 000 0 cat d | ||
| 080 | |a B-1-278 | ||
| 245 | |a El Poder i l' Espai : |b l' Escena del Príncep [catàleg de l' exposició] | ||
| 260 | |a [s.l.] : |b Diputacions de Barcelona, Madrid, Sevilla i València, dl 1983 | ||
| 300 | |a 275 p. : |b il., negre i col. ; |c 24 cm | ||
| 590 | |a A la part superior de la portada : Un llegat de la Cultura Mediterrània : el Renaixement. | ||
| 650 | |a Renaixement |9 37082 | ||
| 710 | 1 | |a Barcelona (Catalunya : Província). |b Diputació |9 52408 | |
| 901 | |a Arxiu | ||
| 942 | |n 1 | ||
| 952 | |0 0 |1 0 |4 0 |6 B1278 |7 1 |9 47641 |a Arxiu |b Arxiu |d 2016-12-01 |l 0 |o B-1-278 |p 1601 |r 2016-12-01 00:00:00 |w 2016-12-01 |y ARXIU | ||
| 999 | |c 51440 |d 51440 | ||